000
00506nam a2200169Ia 4500
008
090711s9999 xx 000 0 und d
082
_b
76272
100
_a
बनहट्टी राजेंद्र
245
_a
प्रेक्षक
260
_c
1994
300
_a
127
600
_a
बनहट्टी राजेंद्र
630
_a
प्रेक्षक
700
_a
बनहट्टी राजेंद्र
730
_a
प्रेक्षक
942
_c
BOOK
999
_c
312805
_d
312805